00626 2200229 4500001002100000005001500021035002000036007000300056008004100059020002200100082001000122084001600132100001200148245007300160250001500233260003900248300003600287504001600323990001900339990001900358990001900377INLIS00000000000591620251222084328 a0010-1220000308ta251222 g 0 ind  a978-979-25-4909-6 a370.7 a370.7 BAR b0 aBARNAWI1 aBE A GREAT TEACHER (46 Rahasia Sukses Menjadi Guru Hebat) /cBARNAWI aCetakan II aYogyakarta :bAR-RUZZ MEDIA,c2020 a128 hal :bilus ;c14.8 x 21 cm ahal 121-122 a06274APBD06274 a06275APBD06275 a06276APBD06276